| 000 | 00405cam a22001097a 4500 | ||
|---|---|---|---|
| 008 | 180718b1961 xxu||||| |||| 00| 0 eng d | ||
| 082 | _aT394x54 B61/3 | ||
| 100 | _aTariff Commission | ||
| 245 |
_aReport on the revision of the flair selling prices of caustic soda, chlorine, hydochlorine acid and bleaching powder _cby Tariff Commission, India |
||
| 260 |
_aDelhi _bGovernment of India _c1961 |
||
| 300 | _a41+p | ||
| 999 |
_c498014 _d498014 |
||